000 00607nam a2200157 a 4500
001 000043370
005 20201002040844.0
008 140311s1990 dr c 000 0 spa d
040 _aDO-SdBNP
_bspa
_cBNPHU
100 1 _aPinochet Ugarte, Augusto
_971031
245 1 0 _aCamino Recorrido :
_bbiografía de un soldado /
_cAugusto Pinochet Ugarte ; prólogo Rafael Valdivieso Ariztia.
246 1 4 _aCamino Recorrido :
_bmemorias de un soldado
260 _aChile :
_bInstituto Geográfico Militar de Chile,
_c1990.
300 _a304 p. :
_bil., retrs. ;
_c26 cm.
700 1 _aValdivieso Ariztia, Rafael
_vpról.
_971032
999 _c42859
_d42859